000 00644nam a2200241Ia 4500
001 52364
005 20240114005301.0
007 ta
008 100617s1928 g b000 u 903 u
040 _aCotton College,Assam
041 _a903
082 _a342.954
_bR 299 All
110 _aCommittee .
245 0 _aAll Parties Conference 1928 /
_hTextual Documents
250 _aist ed /
260 _aAllahabad :
_bAll India Congress Committee ,
_c1928.
300 _a155pg ;
_c21cm.
653 _aReport- All Parties Conference 1928
653 _aRef- Report
942 _2ddc
_cBK
999 _c52328
_d52328